| 000 | 01218cam a22003254a 4500 | ||
|---|---|---|---|
| 001 | 13404097 | ||
| 003 | ARRUPE | ||
| 005 | 20150827145818.0 | ||
| 008 | 031114s2004 pau b 001 0 eng | ||
| 010 | _a 2003066568 | ||
| 020 | _a0812237838 (cloth : alk. paper) | ||
| 040 |
_aDLC _cDLC _dDLC |
||
| 042 | _apcc | ||
| 043 | _af------ | ||
| 050 | 0 | 0 |
_aJC599.A36 _bH87 2004 |
| 082 | 0 | 0 |
_a323/.096 _222 |
| 100 |
_aZeleza, Paul Tiyambe, _919053 |
||
| 245 | 0 | 0 |
_aHuman rights, the rule of law, and development in Africa / _cedited by Paul Tiyambe Zeleza and Philip J. McConnaughay. |
| 260 |
_aPhiladelphia : _bUniversity of Pennsylvania Press, _cc2004. |
||
| 300 |
_avi, 302 p. ; _c24 cm. |
||
| 440 | 0 |
_aPennsylvania studies in human rights _919012 |
|
| 504 | _aIncludes bibliographical references and index. | ||
| 650 | 0 |
_aHuman rights _zAfrica. _919054 |
|
| 650 | 0 |
_aDemocratization _zAfrica. _919055 |
|
| 700 | 1 |
_aZeleza, Paul Tiyambe, _d1955- _919056 |
|
| 700 | 1 |
_aMcConnaughay, Philip J. _919057 |
|
| 906 |
_a7 _bcbc _corignew _d1 _eocip _f20 _gy-gencatlg |
||
| 942 |
_2lcc _cMONOGRAPH |
||
| 999 |
_c123160 _d123160 |
||